Engineering mathematics vol II / (Record no. 42970)

MARC details
000 -LEADER
fixed length control field 00776nam a22002177a 4500
005 - DATE AND TIME OF LATEST TRANSACTION
control field 20100823121611.0
010 ## - LCCN (DPL NO)
LC control number ENG-101358
020 ## - INTERNATIONAL STANDARD BOOK NUMBER
International Standard Book Number 9788190595063 ( vol II )
Terms of availability 230.00
035 ## - SYSTEM CONTROL NUMBER
System control number EN-84891
037 ## - SOURCE OF ACQUISITION
Source of stock number/acquisition DBAD/PUB
082 ## - DEWEY DECIMAL CLASSIFICATION NUMBER
Classification number 620.00151
100 ## - MAIN ENTRY--PERSONAL NAME
Personal name Pal B K
245 ## - TITLE STATEMENT
Title Engineering mathematics vol II /
Statement of responsibility, etc by B K Pal [and] K Das
250 ## - EDITION STATEMENT
Edition statement Rev, 6th ed.
260 ## - PUBLICATION, DISTRIBUTION, ETC. (IMPRINT)
Place of publication, distribution, etc Kolkata
Name of publisher, distributor, etc U N Dhur
Date of publication, distribution, etc 2010
270 ## - ADDRESS
Address 2A Bhawani Datta Lane
City Kolkata
Postal code 700073
300 ## - PHYSICAL DESCRIPTION
Extent vol 2(xiii,724p)
Dimensions 21cm(pbk)
700 ## - ADDED ENTRY--PERSONAL NAME
Personal name K Das
9 (RLIN) 16226
942 ## - ADDED ENTRY ELEMENTS (KOHA)
Source of classification or shelving scheme Dewey Decimal Classification
Item type English Books
Classification part 620.00151
Call number suffix PAL
Holdings
Withdrawn status Lost status Not for loan Collection code Home library Current library Date acquired Source of acquisition Cost, normal purchase price Full call number Barcode Copy number Cost, replacement price Koha item type Public note
    Not For Loan Non-fiction D.B.Act.Division D.B.Act.Division 23/08/2010 DBAD/PUB 230.00 620.00151 PAL EN-84891 1 230.00 English Books v 2

© Delhi Public Library
Hit Counter
free hit counter